[Event "GER-ch Seniors 07th"]
[White "Buettner, Horst"]
[Black "Hallmann, Rudolf"]
[Site "Oldenburg"]
[Round "6"]
[Result "1/2-1/2"]
[Date "1995.??.??"]
[WhiteElo "1397"]
[BlackElo "1248"]
[PlyCount "70"]
[EventDate "1995.08.24"]
[EventType "swiss"]
[EventRounds "9"]
[EventCountry "GER"]
[SourceTitle "EXT 2022"]
[Source "ChessBase"]
[SourceDate "2021.10.06"]
[SourceVersion "1"]
[SourceVersionDate "2021.10.06"]
[SourceQuality "1"]

1. e4 c5 2. Bc4 e6 3. Nc3 Nc6 4. a3 Nf6 5. d3 a6 6. Bg5 Be7 7. Nf3 d6 8. 0-0 0-0 9. Re1 e5 10. Qd2 Bd7 11. Bxf6 Bxf6 12. Nd5 b5 13. Nxf6+ Qxf6 14. Bd5 h6 15. Rab1 Rab8 16. b4 Ne7 17. bxc5 Bc6 18. Bxc6 Nxc6 19. cxd6 Qxd6 20. Ra1 a5 21. c3 f6 22. Red1 a4 23. Nh4 Ne7 24. Qa2+ Kh8 25. d4 exd4 26. cxd4 Qf4 27. g3 Qxe4 28. Re1 Qb7 29. Qe6 Rbe8 30. Nf5 Ng8 31. Qa2 Rxe1+ 32. Rxe1 Qd7 33. Re3 Re8 34. Rxe8 Qxe8 35. Nd6 Qe1+ 1/2-1/2